<?xml version="1.0" encoding="UTF-8"?>
<record
    xmlns:xsi="http://www.w3.org/2001/XMLSchema-instance"
    xsi:schemaLocation="http://www.loc.gov/MARC21/slim http://www.loc.gov/standards/marcxml/schema/MARC21slim.xsd"
    xmlns="http://www.loc.gov/MARC21/slim">

  <leader>01314    a2200229   4500</leader>
  <controlfield tag="001">53331</controlfield>
  <controlfield tag="005">20260407155807.0</controlfield>
  <controlfield tag="008">260407a2010    arg                 spa d</controlfield>
  <controlfield tag="003">AR-UNSa-BCEJYS</controlfield>
  <datafield tag="040" ind1=" " ind2=" ">
    <subfield code="a">AR-UNSa-BCEJYS</subfield>
    <subfield code="b">spa</subfield>
    <subfield code="c">AR-UNSa-BCEJYS</subfield>
  </datafield>
  <datafield tag="080" ind1=" " ind2=" ">
    <subfield code="a">347.633</subfield>
    <subfield code="x">Adopci&#xF3;n. Adrogaci&#xF3;n. Tutela no oficial</subfield>
  </datafield>
  <datafield tag="245" ind1="1" ind2="0">
    <subfield code="a">Adopci&#xF3;n siglo XXI</subfield>
    <subfield code="p">Leyes y deseos</subfield>
  </datafield>
  <datafield tag="020" ind1=" " ind2=" ">
    <subfield code="a">978-950-07-3217-8</subfield>
  </datafield>
  <datafield tag="264" ind1=" " ind2="1">
    <subfield code="a">Buenos Aires :</subfield>
    <subfield code="b">Sudamericana</subfield>
    <subfield code="c">2010</subfield>
  </datafield>
  <datafield tag="300" ind1=" " ind2=" ">
    <subfield code="a">255 p.</subfield>
    <subfield code="c">23 cm.</subfield>
  </datafield>
  <datafield tag="505" ind1=" " ind2=" ">
    <subfield code="a">1. "Tengo mucho amor para dar" - 2. El nombre de la madre de origen - 3. &#xBF;Madre abandonante? - 4. Ritos de pasaje - 5. Identidad y filiaci&#xF3;n - 6. La ley y la discriminaci&#xF3;n de los hijos adopotivos - 7. Adopci&#xF3;n de ni&#xF1;os mayores y el miedo a la devoluci&#xF3;n - 8. Adopci&#xF3;n internacional:Pa&#xED;ses proveedores y pa&#xED;ses receptores - 9. Las "guardas puestas" y el tr&#xE1;fico con ni&#xF1;os - 10. Relaci&#xF3;n de los futuros adoptantes con la madre de origen - 11. Tardanzas, suspensos y esperas en adopci&#xF3;n - 12. Algunos adolescentes adoptivos - 13. Adopciones monoparentales - 14. La adopci&#xF3;n como especialidad</subfield>
  </datafield>
  <datafield tag="041" ind1=" " ind2=" ">
    <subfield code="a">spa</subfield>
  </datafield>
  <datafield tag="942" ind1=" " ind2=" ">
    <subfield code="c">BK</subfield>
  </datafield>
  <datafield tag="590" ind1=" " ind2=" ">
    <subfield code="a">niveau_biblio:m niveau_hierar:0</subfield>
  </datafield>
  <datafield tag="100" ind1="1" ind2=" ">
    <subfield code="a">Giberti, Eva</subfield>
  </datafield>
  <datafield tag="856" ind1="4" ind2="1">
    <subfield code="u">https://www.biblioeco.unsa.edu.ar/pmb/images/libros/L128417.jpg</subfield>
    <subfield code="y">Imagen de portada</subfield>
    <subfield code="q">image/jpeg</subfield>
  </datafield>
  <datafield tag="999" ind1=" " ind2=" ">
    <subfield code="c">5187</subfield>
    <subfield code="d">5187</subfield>
  </datafield>
  <datafield tag="952" ind1=" " ind2=" ">
    <subfield code="0">0</subfield>
    <subfield code="1">0</subfield>
    <subfield code="4">0</subfield>
    <subfield code="7">0</subfield>
    <subfield code="a">BCEJYS</subfield>
    <subfield code="b">BCEJYS</subfield>
    <subfield code="c">16</subfield>
    <subfield code="d">2026-04-07</subfield>
    <subfield code="l">0</subfield>
    <subfield code="o">347.633 G445</subfield>
    <subfield code="p">L128417</subfield>
    <subfield code="r">2026-04-07 15:58:07</subfield>
    <subfield code="w">2026-04-07</subfield>
    <subfield code="y">L</subfield>
  </datafield>
</record>
